Score 0/33 Timer 03:00
0 Plays Today
% Correct
Nalu
75.8%
Elfgreen
75.5%
Zervis
74.3%
Graylu
74.1%
Baccana
73.9%
Jerza
73.9%
Gruvia
73.2%
Natza
73.2%
Chendy
72.5%
Grayna
72.3%
Lolu
72.3%
Rowen
71.8%
Albis
71.6%
Dorandy
71.6%
Gale
71.3%
Kagurza
71.2%
Fraxus
70.7%
% Correct
Miraxus
70.1%
Grayza
70%
Nali
69.5%
Lucana
69.3%
Sirza
69.3%
Luen
68.9%
Evendy
68.8%
Nawen
68.8%
Gratsu
68.8%
Juviana
63.7%
Jutsu
62.5%
Laxana
62.2%
Lyoray
61.5%
Luli
57.2%
Leatsu
55.9%
Lali
43.3%
Remove Ads.
Support Sporcle.
Get the best of Sporcle when you Go Orange. This ad-free experience offers more features, more stats, and more fun while also helping to support Sporcle. Thank you for becoming a member.

You're not logged in!

Compare scores with friends on all Sporcle quizzes.
OR
Log In

Show Comments

Extras

Created Jul 31, 2016ReportNominate
Tags:Fairy Tale

Top Quizzes Today


Score Distribution

Your Account Isn't Verified!

In order to create a playlist on Sporcle, you need to verify the email address you used during registration. Go to your Sporcle Settings to finish the process.

Report this User

Report this user for behavior that violates our Community Guidelines.

Details: